Bilecik Bilecik Bilecik Bilecik Bilecik

Sinir sistemi hastalıkları/ (Record no. 70091)

MARC details
000 -BAŞLIK
Sabit Uzunluktaki Kontrol Alanı 01155nam a22003617a 4500
001 - KONTROL NUMARASI
Control Dosyası 0069343
003 - KONTROL NUMARASI KİMLİĞİ
Kontrol Alanı KOHA_MİRAKIL
005 - EN SON İŞLEM TARİHİ ve ZAMANI
Kontrol Alanı 20260207004840.0
007 - FİZİKSEL TANIM SABİT ALAN - GENEL BİLGİ
Sabit uzunluklu kontrol alanı ta
008 - SABİT UZUNLUKTAKİ VERİ ÖGELERİ - GENEL BİLGİ
Sabit Alan 230912b1995 tu |||gr||||#0|||0|tur |
020 ## - ISBN - ULUSLARARASI STANDART KİTAP NUMARASI
Isbn 9754043647
040 ## - KATALOGLAMA KAYNAĞI
Özgün Kataloglama Kurumu TR-BiSEU
Kataloglama Dili tur
Çeviri Kurumu TR-BiSEU
Açıklama Kuralları rda
041 0# - DİL KODU
Metin ya da ses kaydının dil kodu tur
044 ## - YAYINLAYAN/ÜRETEN KURULUŞUN ÜLKE KODU
ISO country code tu
050 ## - SINIFLAMA ve YER NUMARASI
Sınıflama Numarası RC346
Yer Numarası .Z46 1995
100 1# - KİŞİ ADI
Yazar Adı (Kişi adı) Zenbilci, Nedim.
245 1# - ESER ADI BİLDİRİMİ
Başlık Sinir sistemi hastalıkları/
Sorumluluk Bildirimi Nedim Zenbilci ; Nedim Zenbilci.
250 ## - BASIM BİLDİRİMİ
Basım Bildirimi Genişletilmiş 3. baskı
264 #1 - ÜRERİM, YAYIN, DAĞITIM ve TELİF BİLDİRİMİ
Yayın yeri İstanbul :
Yayınlayan İstanbul Üniversitesi
Yayın tarihi 1995
300 ## - FİZİKSEL TANIMLAMA
Sayfa, Cilt vb. 677 sayfa: resimli ;
Boyutları 24 cm.
336 ## - İÇERİK TÜRÜ
Content type term metin
Content type code txt
Source rdacontent
337 ## - MEDYA TÜRÜ
Media type term aracısız
Media type code n
Source rdamedia
338 ## - TAŞIYICI TÜRÜ
Carrier type term cilt
Carrier type code nc
Source rdacarrier
490 1# - DİZİ BİLDİRİMİ
Dizi Bildirimi İstanbul Üniversitesi Yayın No ;
Cilt Numarası 3853.
490 1# - DİZİ BİLDİRİMİ
Dizi Bildirimi Cerrah Paşa Tıp Fakültesi Yayın No ;
Cilt Numarası 188
500 ## - GENEL NOT
Genel Not Dizin var.
650 #0 - KONU BAŞLIĞI EK GİRİŞ - KONU TERİMİ
Konusal terim veya coğrafi ad Sinir sistemi--Hastalıklar.
9 (RLIN) 83368
650 #0 - KONU BAŞLIĞI EK GİRİŞ - KONU TERİMİ
Konusal terim veya coğrafi ad Nervous system--Diseases.
9 (RLIN) 134089
830 1# - SERİ EK GİRİŞİ - TEKBİÇİM ESER ADI
Tekbiçim Başlık İstanbul Üniversitesi Yayın No ;
Volume number/sequential designation 3853.
9 (RLIN) 2226
830 1# - SERİ EK GİRİŞİ - TEKBİÇİM ESER ADI
Tekbiçim Başlık Cerrah Paşa Tıp Fakültesi Yayın No ;
Volume number/sequential designation 188
9 (RLIN) 134090
907 ## - LOCAL DATA ELEMENT G, LDG (RLIN)
a Tıp
942 ## - EK GİRİŞ ÖGELERİ (KOHA)
Source of classification or shelving scheme Library of Congress Classification
Koha item type Book
Holdings
Materyal Türü Kalıcı Konum Mevcut Konum Sınıflandırma Kaynağı Edinim Bilgisi Ana Konular Alt Konular Yer Numarası Demirbaş Numarası Fatura Tarihi Geri Çekilme Durumu Kayıp Durumu Hasarlı Durumu Kredi için değil Kayıt Tarih Toplam Ödünçverme Son Görülme Tarihi Son Kontrol Tarihi Genel / Bağış Notu
Book BŞEÜ Tıp Fakültesi Kütüphanesi BŞEÜ Tıp Fakültesi Kütüphanesi Library of Congress Classification Bağış TIP Dahiliye RC346 .Z46 1995 0069343 02/02/2026       Ödünç verilmez 12/09/2023   17/03/2025 17/03/2025 Çanakkale Onsekiz Mart Üniversitesi , Kurum